000 00788nam a22002417a 4500
003 OSt
005 20251123162041.0
008 251123b |||||||| |||| 00| 0 eng d
020 _a9789556635874
040 _cDCL
041 _aEnglish
082 _a294.301
100 1 _a Kalupahana, David J,
_d1933-
245 1 0 _aCausality:
_bthe central philosophy of Buddhism /
_cDavid J. Kalupahana ; foreword by Eliot Deutsch.
260 _aDehiwala, Sri Lanka :
_bBuddhist Cultural Centre,
_c2018.
300 _axviii, 277 pages ;
_c24 cm.
504 _aIncludes bibliographical references (p. [105]-107).
650 _a Pratītyasamutpāda
650 _aCausation
650 _aBuddhist Philosophy
700 1 _aDeutsch, Eliot
_eforeworder
942 _2ddc
_cSHORT TERM
_n0
999 _c2594
_d2594